000 00784cam5a220025300 4500
001 qcf00002780
005 20190830105548.0
008 721002s1971 sz b 000 0cger
010 _a 71869108
035 _a(Sirsi) r26411
035 _a(QCAT)lss00299319
035 _a(UPRA)qcf00002780
040 _dUPRA
050 0 _aPT2611.R814
_bZ58 1971
100 1 _aBanziger, Hans, 1917-
_dBanziger, Hans, 1917-
_6A90128.1
245 1 0 _aFrisch und Durrenmatt.
250 _a6., neu bearb. Aufl.
260 _aBern :
_bFrancke,
_c1971.
504 _aIncludes bibliographical references.
600 1 0 _aFrisch, Max, 1911-
_dFrisch, Max, 1911-
_6S64617.1
600 1 0 _aDurrenmatt, Friedrich.
_6S64618.1
949 _aPT2611.R814
_wlcc
_i-27153
_mMAIN
_tBOOK
_lON-SHELF
004 26411
999 _c186992
_d186992